Hiện tượng câu mơ hồ trong tiếng Anh và tiếng Việt

保存先:
書誌詳細
第一著者: Nguyễn Hữu Dũng.
その他の著者: Phan Thị Bé (hướng dẫn.)
フォーマット: 図書
言語:Vietnamese
出版事項: Đà Nẵng, 1993.
主題:
タグ: タグ追加
タグなし, このレコードへの初めてのタグを付けませんか!
Thư viện lưu trữ: Mạng thư viện Đại học Đà Nẵng
LEADER 00945cmm a2200337 i 4500
001 000044838
003 3248
005 20030508154208.0
008 010312|1993 vm 000 vie
040 |a IRC  |c IRC  |d IRC 
041 0 |a vie 
082 1 4 |a 425  |b NG-D 
100 1 |a Nguyễn Hữu Dũng. 
245 0 0 |a Hiện tượng câu mơ hồ trong tiếng Anh và tiếng Việt  |h [Thesis-Luận văn] /  |c Nguyễn Hữu Dũng thực hiện ; Phan Thị Bé hướng dẫn. 
260 |a Đà Nẵng,  |c 1993. 
300 |a 50tr. ;  |c 31cm. 
630 0 4 |a Anh ngữ. 
630 0 4 |a Khóa luận. 
630 0 4 |a Câu mơ hồ. 
650 0 4 |a Anh ngữ  |x Ngữ pháp. 
700 1 |a Phan Thị Bé,  |e hướng dẫn. 
OWN |a DUT 
999 |a From the UDN01 
TYP |a Computer file 
TYP |a Monograph 
980 |a Mạng thư viện Đại học Đà Nẵng